Normal view
MARC view
- الشعر الشعبي - الأردن - قصص شعرية غنائية
Entry Topical Term
001 - CONTROL NUMBER
- control field: 19974
003 - CONTROL NUMBER IDENTIFIER
- control field: JO-AjAnu
005 - DATE AND TIME OF LATEST TRANSACTION
- control field: 20230606073500.0
008 - FIXED-LENGTH DATA ELEMENTS
- fixed length control field: 230606|| aca||aabn | a|a d
040 ## - CATALOGING SOURCE
- Original cataloging agency: JO-AjAnu
- Transcribing agency: JO-AjAnu
150 ## - HEADING--TOPICAL TERM
- Topical term or geographic name entry element: الشعر الشعبي - الأردن - قصص شعرية غنائية
670 ## - SOURCE DATA FOUND
- Source citation: Work cat.: (JO-AjAnu)10256: تأليف وشعر وسيناريو العبادي،أحمد عويدي, author 19973, من الشعر الشعبي الأردني: قصص شعرية غنائية